000 00919nas a2200301 4500
001 BR0404013
003 BR-BrBNA
005 20231205104753.0
007 ta
008 230509b bl.|||p| |||| 00| 00por d
040 _aBR-BrBNA
_bpor
_cBiblioteca Nacional de Agricultura
041 _a(Pt)
072 _aL20
100 1 _aAzevedo, R.B. de
100 1 _aBicca-Marques, J.
245 1 _aTermorregulação comportamental em macacos-aranha, Ateles chamek (Primates, Atelidae), em cativeiro
650 _aMACACO
650 _aTERMORREGULAÇÃO
650 _aJARDIM ZOOLÓGICO
650 _aECOLOGIA ANIMAL
650 _aHABITAT
650 _aCOMPORTAMENTO ANIMAL
650 _aTEMPERATURA DO CORPO
650 _aCRIAÇÃO EM CATIVEIRO
773 0 _tBiociências (Brazil)
_xISSN 0104-3455
_g(Dec 2003), v. 11(2) p. 159-166
_wBR0404013
909 _a202311
_bLúcia
_c55
_dLúcia Elande
942 _2AGRIS
_n0
_cANA
999 _c179628
_d179628